Nhân chủng học và lược khảo thân tộc học

Na minha lista:
Detalhes bibliográficos
Autor principal: Bửu Lịch
Formato: Livro
Idioma:Undetermined
Publicado em: Sài Gòn Lửa thiêng 1971
Assuntos:
Tags: Adicionar Tag
Sem tags, seja o primeiro a adicionar uma tag!
Thư viện lưu trữ: Trung tâm Học liệu Trường Đại học Cần Thơ
LEADER 00552nam a2200181Ia 4500
001 CTU_5528
008 210402s9999 xx 000 0 und d
082 |a 301 
082 |b L302 
100 |a Bửu Lịch 
245 0 |a Nhân chủng học và lược khảo thân tộc học 
245 0 |c Bửu Lịch 
260 |a Sài Gòn 
260 |b Lửa thiêng 
260 |c 1971 
650 |a ethnology,genealogy,social sciences 
904 |i Nguyễn Quang Điền, 960722 
980 |a Trung tâm Học liệu Trường Đại học Cần Thơ